[Event "GER-ch U10"]
[Site "Willingen"]
[Date "2017.06.05"]
[Round "3"]
[White "Costa, Leonardo"]
[Black "Zweigait, Leon"]
[Result "1-0"]
[WhiteElo "1686"]
[BlackElo "1502"]
[PlyCount "105"]
[EventDate "2017.06.04"]
[EventType "swiss"]
[EventRounds "11"]
[EventCountry "GER"]
[SourceTitle "CBM 178 Extra"]
[Source "ChessBase"]
[SourceDate "2017.06.22"]
[SourceVersion "1"]
[SourceVersionDate "2017.06.22"]
[SourceQuality "1"]

1. e4 d5 2. exd5 Nf6 3. Nf3 Nxd5 4. d4 c6 5. c4 Nb6 6. Nc3 Bf5 7. c5 Nd5 8. Qb3 Qd7 9. Ne5 Qc7 10. Nxd5 cxd5 11. Qxd5 e6 12. Bb5+ Nc6 13. Bxc6+ Qxc6 14. Qxc6+ bxc6 15. Nxc6 Be4 16. Ne5 Bxg2 17. Rg1 Bd5 18. Be3 f6 19. Nd3 Be4 20. Kd2 Kf7 21. b4 Rb8 22. Rab1 e5 23. dxe5 Rd8 24. Rb3 fxe5 25. Ke2 Rd5 26. f3 Bf5 27. f4 exf4 28. Nxf4 Rd7 29. b5 Be7 30. c6 Rdd8 31. Bxa7 Bd6 32. Nh5 g6 33. Ng3 Bg4+ 34. Kf2 Bf4 35. Be3 Bxe3+ 36. Rxe3 Rd2+ 37. Ne2 Bh5 38. a4 Ra2 39. Re4 Re8 40. Rxe8 Kxe8 41. Re1 Kd8 42. Ke3 Ra3+ 43. Kd4 Rxa4+ 44. Kc5 Bg4 45. Nc3 Rf4 46. c7+ Kd7 47. Nd5 Rf7 48. b6 Rf2 49. Re7+ Kc8 50. Re8+ Kb7 51. Rb8+ Ka6 52. Nb4+ Ka5 53. Ra8# 1-0